000 00619nam a22001937a 4500
005 20170322111828.0
010 _aENG-117515
020 _a9789386050458
_c750.00
035 _aEN-101047
037 _bDBAD/PUB
082 _a971.105092
100 _aDosanjh, Ujjal
245 _aJourney after midnight :
_cby Ujjal Dosanjh
_bIndia, Canada and the road beyond /
260 _aNew Delhi
_bSpeaking Tiger Publishing
_c2016
270 _a4381 / 4 Ansari Road, Daryaganj
_bNew Delhi
_e110002
300 _ax,398p.:
_b24cm(Hb)
_cill
500 _aincludes index
942 _2ddc
_cEN
_h971.105092
_mDOS
999 _c138312
_d138312